| 000 | 00515nam a2200205 4500 | ||
|---|---|---|---|
| 999 |
_c6387 _d6387 |
||
| 007 | 20200114 | ||
| 008 | 020515s1992 mlp 0 engta | ||
| 020 | _a971117202X | ||
| 100 | 1 | _aSanguineti, Juan Jose | |
| 245 | 1 | 0 |
_aLogic / _cJuan Jose Sanguineti. |
| 260 |
_aManila : _bSinag-Tala, _cc1992. |
||
| 300 |
_axii, 254 p.; _c22cm. |
||
| 336 | _atext | ||
| 337 | _aunmediated | ||
| 338 | _avolume | ||
| 490 | 1 | _aPhilosophy book series | |
| 504 | _aBiblio: pp. 246-254. | ||
| 650 | 4 | _aLogic. | |
| 942 |
_2lcc _cBK |
||